|
|
|
|
| LEADER |
01087nam a2200289 a 4500 |
| 001 |
465 |
| 003 |
BD-DhAAL |
| 005 |
20150316094649.0 |
| 008 |
150316s1990 enka b 001 0 eng |
| 010 |
|
|
|a 90000469
|
| 020 |
|
|
|a 0631174478 :
|c $25.90 (U.S.)
|
| 040 |
|
|
|a DLC
|c DLC
|d DLC
|d BD-DhAAL
|
| 050 |
0 |
0 |
|a T175.5
|b .B47 1990
|
| 082 |
0 |
0 |
|a 658.5/7
|2 20
|
| 100 |
1 |
|
|a Bergen, S. A.
|9 9702
|
| 245 |
1 |
0 |
|a R&D management :
|b managing projects and new products /
|c S.A. Bergen.
|
| 250 |
|
|
|a New rev. ed.
|
| 260 |
|
|
|a Oxford, UK ;
|a Cambridge, Mass., USA :
|b B. Blackwell,
|c 1990.
|
| 300 |
|
|
|a xiv, 249 p. :
|b ill. ;
|c 23 cm.
|
| 504 |
|
|
|a Includes bibliographical references and index.
|
| 541 |
|
|
|e 465
|
| 650 |
|
0 |
|a Research, Industrial
|x Management.
|9 9703
|
| 730 |
0 |
|
|a R and D management.
|9 9704
|
| 740 |
0 |
|
|a R & D management.
|
| 942 |
|
|
|2 ddc
|c BK
|
| 999 |
|
|
|c 34058
|d 34058
|
| 952 |
|
|
|0 0
|1 0
|2 ddc
|4 0
|6 658_500000000000000_7_BER
|7 0
|9 53149
|a SCL
|b SCL
|c GEN
|d 2015-03-16
|g 1008.00
|l 0
|o 658.57 BER
|p 3020000465
|r 2015-03-16
|t 1
|w 2015-03-16
|y BK
|x 'The mentioned price is BDT conversion, actual price was US12.95'
|